West : Experience western civilization
WEST illustrates the significance of economic, political, social and cultural interactions that shaped Western Civilization while asking students to analyze events and themes in order to build a greater understanding of the past and its influence and impact on the present. With WEST, students are no...
Đã lưu trong:
| 主要作者: | |
|---|---|
| 格式: | 图书 |
| 语言: | Undetermined |
| 出版: |
New York
McGraw-Hill
2012
|
| 主题: | |
| 标签: |
添加标签
没有标签, 成为第一个标记此记录!
|
| Thư viện lưu trữ: | Trung tâm Học liệu Trường Đại học Cần Thơ |
|---|
| LEADER | 01396nam a2200229Ia 4500 | ||
|---|---|---|---|
| 001 | CTU_216501 | ||
| 008 | 210402s9999 xx 000 0 und d | ||
| 020 | |c 60.00 | ||
| 082 | |a 909.09821 | ||
| 082 | |b S553/Vol.2 | ||
| 100 | |a Sherman, Dennis | ||
| 245 | 0 | |a West : | |
| 245 | 0 | |b Experience western civilization | |
| 245 | 0 | |c Dennis Sherman, Joyce Salisbury | |
| 260 | |a New York | ||
| 260 | |b McGraw-Hill | ||
| 260 | |c 2012 | ||
| 520 | |a WEST illustrates the significance of economic, political, social and cultural interactions that shaped Western Civilization while asking students to analyze events and themes in order to build a greater understanding of the past and its influence and impact on the present. With WEST, students are no longer simply reading a static page. They are interacting and engaging in a visual and hands-on learning experience. As students experience the history of Western Civilization, WEST builds the critical analysis skills that will student success in this history course and beyond. | ||
| 650 | |a Civilization, Western,Văn minh Phương Tây,Văn minh Phương Tây,Văn minh Phương Tây,Civilization, Western | ||
| 650 | |x History,Textbooks,Lịch sử,Nguồn,Lịch sử,Nguồn,Lịch sử,Sách giáo khoa,History,Sources | ||
| 904 | |i Qhieu - linh, sương | ||
| 980 | |a Trung tâm Học liệu Trường Đại học Cần Thơ | ||